Miscelánea turolense / (Record no. 1471)

MARC details
000 -LEADER
campo de control de longitud fija 01048nas a2200277 i 4500
001 - NÚMERO DE CONTROL
campo de control 1471
003 - IDENTIFICADOR DE NÚMERO DE CONTROL
campo de control ES-MaACL
005 - FECHA Y HORA DE LA ÚLTIMA TRANSACCIÓN
campo de control 20250217134221.0
008 - DATOS DE LONGITUD FIJA--INFORMACIÓN GENERAL
campo de control de longitud fija 950801d18911901sp r p 0 1 |spa d
022 ## - NÚMERO INTERNACIONAL NORMALIZADO PARA PUBLICACIONES SERIADAS
Número Internacional Normalizado para Publicaciones Seriadas 2254-3775
080 ## - NÚMERO DE LA CLASIFICACIÓN DECIMAL UNIVERSAL
Número de la Clasificación Decimal Universal 908(460.226)
245 00 - MENCIÓN DEL TÍTULO
Título Miscelánea turolense /
Mención de responsabilidad, etc. dir., Domingo Gascón y Guimbao.
260 ## - PUBLICACIÓN, DISTRIBUCIÓN, ETC.
Lugar de publicación, distribución, etc. Madrid :
Nombre del editor, distribuidor, etc. Miscelánea Turolense,
Fecha de publicación, distribución, etc. 1891-1901 (
Fabricante Imp. de los Hijos de M.G. Hernández)
300 ## - DESCRIPCIÓN FÍSICA
Extensión 1 v. :
Otras características físicas il. ;
Dimensiones 32 cm.
362 0# - FECHAS DE PUBLICACIÓN Y/O DESIGNACIÓN SECUENCIAL
Fecha de publicación y/o designación secuencial Año 1, n. 1 (10 marzo 1891)-año 8, n. 23 (15 en. 1901)
530 ## - NOTA DISPONIBLE DE FORMULARIO FÍSICO ADICIONAL
Nota de formato físico adicional disponible Disponible en formato digital.
651 #4 - PUNTO DE ACCESO ADICIONAL DE MATERIA--NOMBRE GEOGRÁFICO
Nombre geográfico Teruel (Provincia)-
Subdivisión general Descripción.
9 (RLIN) 142107
651 #4 - PUNTO DE ACCESO ADICIONAL DE MATERIA--NOMBRE GEOGRÁFICO
Nombre geográfico Teruel (Provincia)-
Subdivisión general Historia.
9 (RLIN) 191773
700 1# - ENTRADA AGREGADA--NOMBRE PERSONAL
Nombre de persona Gascón y Guimbao, Domingo.
9 (RLIN) 55865
775 08 - ENTRADA/ENLACE A OTRA EDICIÓN
Información de relación Edición facsímil
Título Miscelánea turolense =
Número Internacional Normalizado para Publicaciones Seriadas ISSN 2254-3775
Número de control del registro 174025
852 ## - LOCALIZACIÓN
Ubicación ES-MaACL
Número de control de estantería Hem-553
856 ## - LOCALIZACIÓN Y ACCESO ELECTRÓNICOS
Identificador Uniforme de Recursos <a href="http://hemerotecadigital.bne.es/details.vm?o=&w=2254-3775&f=issn&l=500">http://hemerotecadigital.bne.es/details.vm?o=&w=2254-3775&f=issn&l=500</a>
Nota pública Hemeroteca Digital
866 #0 - MENCIÓN TEXTUAL DE FONDOS--UNIDAD BIBLIOGRÁFICA BÁSICA
Fondos 1891-1901
942 ## - ELEMENTOS DE ENTRADA SECUNDARIOS (KOHA)
Fuente del sistema de clasificación o colocación Clasificación decimal universal
Holdings
Estatus retirado Estado de pérdida Fuente del sistema de clasificación o colocación Estado de daño No para préstamo Biblioteca de origen Biblioteca actual Ubicación en estantería Fecha de adquisición Total de préstamos Signatura topográfica completa Código de barras Visto por última vez Precio de reemplazo Tipo de ítem Koha
    Clasificación decimal universal     Biblioteca del Ateneo de Madrid Biblioteca del Ateneo de Madrid Depósito 1 17/01/2008   HEM-553 1001501 23/02/2023 23/02/2023 Revista